| 000 | 00825cam a2200229 a 4500 | ||
|---|---|---|---|
| 001 | 000015852 | ||
| 005 | 20200929164158.0 | ||
| 008 | 890825s1988 sp b 000 0 spa d | ||
| 010 | _a89179601 | ||
| 020 | _a8478200134 | ||
| 040 |
_aDO-SdBNP _cDLC _dDLC |
||
| 042 | _alccopycat | ||
| 050 | 0 | 4 |
_aZ8449.75 _b.D665 1988 |
| 100 | 2 |
_aDominguez Lasierra, Juan. _935675 |
|
| 245 | 1 | 0 |
_aEnsayo de una bibliografia jarnesiana / _cJuan Dominguez Lasierra. |
| 260 |
_aZaragoza : _bInstitucion Fernando el Catolico, _c1988. |
||
| 300 |
_a138 p. ; _c22 cm. |
||
| 490 | 1 | _aPublicacion num. 1.177 de la Institucion Fernando el Catolico | |
| 600 | 1 | 0 |
_aJarnes, Benjamin, _d1888-1950 _xBibliography. _935676 |
| 830 | 0 |
_aPublicacion ... de la Institucion "Fernando el Catolico" ; _vno. 1177. _919262 |
|
| 910 | _aCatalogación por copia / LC | ||
| 999 |
_c15396 _d15396 |
||